Cómo entender el proceso penal sin ser abogado /

Guardado en:
Autor Principal: Ares, José Luis.
Otros Autores: Cortázar, María Graciela, (prol.)
Formato: Libro
Idioma:Spanish
Publicado: Bahía Blanca : EdiUns, 2017.
Edición:1a. ed.
Series:Serie Extensión. Colección Derecho
Materias:
Etiquetas: Agregar Etiqueta
Sin Etiquetas, Sea el primero en etiquetar este registro!
LEADER 00682nam a22001935a 4500
001 DER.der013884
008 190805s2017####ag############000#0#spa#d
005 20250808123637.0
245 1 0 |a Cómo entender el proceso penal sin ser abogado /  |c José Luis Ares, prólogo de María Graciela Cortázar. 
250 |a 1a. ed. 
260 |a Bahía Blanca :  |b EdiUns,  |c 2017. 
300 |a 317 p. 
440 0 |a Serie Extensión.  |p Colección Derecho 
020 |a 9789876551465 
100 1 |a Ares, José Luis. 
700 1 |a Cortázar, María Graciela,  |e prol. 
650 7 |a DERECHO PROCESAL PENAL 
859 |a DERECHO  |b BIB. DERECHO  |h 345.05  |i ARE  |p 008996 
859 |a DERECHO  |b BIB. DERECHO  |h 347.05  |i ARE  |p 0010607  |t 1